000 01524nam a2200373 a 4500
999 _c2219
_d2219
003 BLK
005 20250801123254.0
008 180412b bul|||||r ||||||| ||bul||
010 _aKNG00003179000
040 _aBLK
041 _aBUL
_cBUL
080 _aБългарска литература
_b821.163.2
_x-94
_z821.163.2-94
080 _aБългария (1878-1918)
_b94(497.2)"1878/1918"
_x(0:82-9)
_z94(497.2)"1878/1918"(0:82-9)
100 1 _aБеровски, Александър Антонов
_eпърви автор
_9245459
139 _aБеровски, Александър Антонов
_bБ 40
245 1 0 _aКорона и кръв
_b[Романиз. ист. хроника] : Кн. 1 -
_cАлександър Антонов Беровски.
_nКн. 1. Ч. 1
250 _a2. изд.
257 _aBGR
260 _aСофия
_bЖар
_c1993 -
300 _c20 см
380 _aX
500 _a1. изд. 1967 на НС на ОФ в 1 кн. - Офс. изд.
650 0 _aБългария - история, нова
_9241998
653 _aбългарска история
653 _aхроники
760 1 _aБеровски, Александър Антонов
_b2. изд.
_d1993
_h432 с.
_tКн. 1. Ч. 1
852 _aЦб 172381
_bЦб
856 4 _qpdf
_u
_i0.00
_ldisable
856 4 _qpdf
_u
_i0.00
_ldisable
942 _cKNG
_n0
_010
_s1
944 _aCR
_c15.01.2003
_lЦветелина Шанова
_k30531
944 _aED
_c29.08.2016
_lф /
_kЛюдмила_Стоянова
999 _d2219